000 01551nam0a22002771 4500
001 rc\3286657
005 20260407152547.0
021 _aRU
_b[71-78884]
035 _a(NLR Aleph) 007400975
090 _a6712073
_c6712073
100 _a20130115g19701971|||y0rusy50 ca
101 0 _arus
_aeng
102 _aRU
105 _aa z |||||
200 1 _aМатериалы XXXIV научной конференции Уральского педагогического института им. А.С. Пушкина, посвященной 100-летию со дня рождения В.И. Ленина
_fМ-во высш. и сред. спец. образования КазССР. Каз. гос. пед. ин-т им. Абая
210 _aУральск
_cБ. и.
_d1970 [вып. дан. 1971]
215 _a212 с.
_cил.
_d22
300 _aЧасть текста на англ. яз.
320 _aСписок лит. в конце докладов
532 1 1 _aМатериалы Тридцать четвертой научной конференции Уральского педагогического института А.С. Пушкина, посвященной 100-летию со дня рождения В.И. Ленина
710 0 2 _aУральский педагогический институт им. А. С. Пушкина
_bНаучная конференция
_d34
_f1970
_3RU\NLR\AUTH\8810092908
_9687082
801 0 _aRU
_bNLR
_gpsbo
801 1 _aRU
_bELAR
_2rusmarc
852 _aNLR
_j71-5/4685
942 _cBOOK
980 _aNB